000 00294nam a22001337a 4500
008 170922b xxu||||| |||| 00| 0 eng d
020 _a9780136519935
041 _aeng
080 _a37
100 _a46
101 _aEDU
245 _aTHROUGH LOOKING CLASS
_cNICOLSON..L
942 _2udc
_cBK
999 _c29041
_d29041